Statistics for American Horror Story: Asylum Characters

Click here to take the quiz!

General Stats

  • This quiz has been taken 527 times
  • The average score is 9 of 35

Answer Stats

HintAnswer% Correct
Man who is believed to be Bloody FaceKit Walker
94%
Ambitious journalist unfairly thrown into the asylumLana Winters
91%
This woman starts by running Briarcliff, but ends up as a patientSister Judy "Jude" Martin
88%
The once sweet, now possessed nunSister Mary Eunice McKee
69%
Girl who killed her family with an axGrace Bertrand
63%
A pinhead accused of drowning her sister's babyPepper
62%
The real Bloody FaceDr. Oliver Thredson
60%
The Doctor who was once a NaziDr. Arthur Arden
54%
The MonsignorMonsignor Timothy Howard
47%
The wife of the man believed to be Bloody Face, was thought to be killedAlma Walker
45%
Sex addict who is mutilated and later killedShelley
43%
The girlfriend of the journalist, who teaches third gradeWendy Peyser
32%
Head of security in BriarcliffFrank McCann
24%
The present day son of Bloody FaceJohnny Morgan
18%
Woman who claims to be Anne FrankCharlotte Brown
17%
Newlywed in present day whose arm is ripped offLeo Morrison
17%
The Mother Superior who acts as a mentor to the woman who runs BriarcliffMother Superior Claudia
13%
The wife of the aboveTeresa Morrison
12%
The Angel of DeathShachath
11%
A serial killer who dressed up as Santa ClauseLeigh Emerson
9%
Another inmate who is experimented on after spying on a nunSpivey
8%
An Israeli hunter of Nazi war criminalsSam Goodman
7%
Seventeen year old boy admitted to Briarcliff who is believed to be possessedJed Potter
6%
Friend and threatener of the first character on this listBilly
5%
A murderous little girl who gets some advice from the possessed nunJenny Reynolds
5%
Young girl who was a victim of a hit and runMissy Stone
5%
A deaf and mute patient who helps "cure" the journalistDaniel
3%
The girlfriend of the journalist in present dayMarion
3%
An orderly who fought in KoreaCarl
2%
A patient who hears voices which tell him to kill himselfMiles
2%
A psychiatrist who is visited by the son of Bloody FaceDr. Gardener
1%
A paraplegic priest who aides in the exorcism of the aboveFather Malachi
1%
The husband of the woman who believes herself to be Anne FrankJim Brown
1%
A patient who constantly bangs her head against the wallMartha
1%
A reporter in present day who interviews the journalistApril
0%

Score Distribution

Percentile by Number Answered

Percent of People with Each Score

Your Score History

You have not taken this quiz